| 000 | 00841nam a2200217 i 4500 | ||
|---|---|---|---|
| 001 | 141733 | ||
| 003 | ES-MaACL | ||
| 005 | 20250430203733.0 | ||
| 007 | t| | ||
| 008 | 070927s1973 sp ||||1| spa d | ||
| 100 | 1 |
_aLeonardo da Vinci, _d1452-1519 _971671 |
|
| 245 | 1 | 0 |
_aFábulas y leyendas / _cLeonardo de Vinci ; interpretadas y transcritas por Bruno Nardini ; traducción de María Teresa León y Rafael Alberti ; con una fábula de Rafael Alberti ; ilustraciones de Adriana Saviozzi Mazza. |
| 260 |
_aBarcelona : _bNauta, _c[1973] |
||
| 300 |
_a119 p. ; _c29 cm. |
||
| 700 | 1 |
_aNardini, Bruno. _984939 |
|
| 700 | 1 |
_aLeón, María Teresa, _d1903-1988 _971586 |
|
| 700 | 1 |
_aAlberti, Rafael, _d1902-1999 _9240174 |
|
| 700 | 1 |
_aSaviozzi Mazza, Adriana. _9104080 |
|
| 852 |
_aES-MaACL _jC-55044 |
||
| 999 |
_c141733 _d141733 |
||